Borussia Dortmund 2020s Champions League Scorers - Statistics

General Stats
  • This quiz has been taken 24 times
  • The average score is 17 of 25
Answer Stats
Goals Nationality Player % Correct
15 Norwegian Erling Haaland
100%
6 English Jude Bellingham
95%
4 Moroccan Achraf Hakimi
91%
5 English Jadon Sancho
91%
5 German Julian Brandt
91%
3 Portuguese Raphael Guerreiro
91%
1 German Mats Hummels
86%
13 Guinean Serhou Guirassy
86%
7 German Marco Reus
82%
2 Belgian Thorgan Hazard
82%
6 Dutch Donyell Malen
77%
1 Austrian Marcel Sabitzer
77%
5 English Jamie Gittens
68%
2 Algerian Ramy Bensebaini
68%
9 German Karim Adeyemi
64%
1 Polish Łukasz Piszczek
64%
3 German Niclas Fullkrug
64%
2 German Emre Can
59%
1 Belgian Axel Witsel
50%
1 Ivorian Sebastien Haller
50%
2 German Felix Nmecha
36%
1 German Maximilian Beier
36%
1 Dutch Ian Maatsen
23%
1 German Mahmoud Dahoud
14%
1 German Pascal Gross
9%
No matching quizzes found
Score Distribution
Percent of People with Each Score
Percentile by Number Answered
Your Score History
You have not taken this quiz